000 00188nam a2200085 4500
001 1257681
005 20260218093932.0
245 _aMASALİSTANBUL
_cFİGEN YAMAN COŞAR
260 _bERDEM GENÇ
999 _c1257681
_d1257681